|
|
|
|
| LEADER |
01284cam a22003611a 4500 |
| 001 |
000033501 |
| 003 |
9675 |
| 005 |
20200527141231.0 |
| 008 |
151016s2010 000 eng |
| 020 |
|
|
|a 9780073383781 (alk. paper)
|
| 020 |
|
|
|a 0073383783 (alk. paper)
|
| 040 |
|
|
|a lnn
|c lnn
|d lnn
|
| 050 |
0 |
0 |
|a PE1408
|b .S464 2010
|
| 082 |
0 |
0 |
|a 808
|b SE-D
|
| 100 |
1 |
|
|a Seyler, Dorothy U.
|
| 245 |
1 |
0 |
|a Read, reason, write :
|b an argument text and reader /
|c Dorothy U. Seyler.
|
| 250 |
|
|
|a 9th ed.
|
| 260 |
|
|
|a Boston :
|b McGraw-Hill Higher Education,
|c c2010.
|
| 300 |
|
|
|a xviii, 649 p. :
|b ill. (some col.), maps ;
|c 23 cm.
|
| 504 |
|
|
|a Includes bibliographical references and index.
|
| 650 |
|
0 |
|a English language
|x Rhetoric.
|
| 650 |
|
0 |
|a Persuasion (Rhetoric)
|
| 650 |
|
0 |
|a College readers.
|
| 650 |
|
0 |
|a Report writing.
|
| OWN |
|
|
|a LNN
|
| AVA |
|
|
|a UDN50
|b LNN
|c English
|d 420.8 SE-D
|e available
|t Error 5001 Not defined in file expand_doc_bib_avail.
|f 1
|g 0
|h N
|i 0
|j AN
|k 1
|
| 999 |
|
|
|a From the UDN01
|
| AVA |
|
|
|a UDN50
|b LNN
|c English
|d 420.8 SE-D
|e available
|t Error 5001 Not defined in file expand_doc_bib_avail.
|f 1
|g 0
|h N
|i 0
|j AN
|k 1
|
| TYP |
|
|
|a Monograph
|
| 980 |
|
|
|a Mạng thư viện Đại học Đà Nẵng
|